| 000 | 00535cam a22001691 4500 | ||
|---|---|---|---|
| 003 | OSt | ||
| 005 | 20171019190720.0 | ||
| 008 | 700217s1967 ke f000 0 eng | ||
| 040 |
_aDLC _cDDC _dDDC _dMoSU-L |
||
| 082 | 0 | 0 |
_a341.026 _222 _bTRE |
| 110 | 1 |
_aKenya. _96042 |
|
| 245 | 1 | 0 | _aTreaty for East African Co-operation / |
| 260 |
_aNairobi : _bPrinted on behalf of the East African Common Service Organization by the Govt. Printer, _c1967. |
||
| 300 |
_avi, 125 p. ; _c25 cm. |
||
| 610 | 2 | 0 |
_aEast African Community. _96043 |
| 942 |
_2ddc _cBK |
||
| 999 |
_c4891 _d4891 |
||